[Event "Stay Safe Play From Home 383"]
[Site "Emanuel Lasker Arena"]
[Date "2020.08.14"]
[Round "3"]
[White "MihailoVujic"]
[Black "IceQueen"]
[Result "1-0"]
[WhiteElo "2247"]
[BlackElo "2272"]
[PlyCount "73"]
[EventDate "2020.08.14"]
[EventType "swiss (blitz)"]

1. e4 {[%emt 0:00:02]} d6 {[%emt 0:00:00]} 2. d4 {[%emt 0:00:01]} Nf6 {[%emt 0:00:00]} 3. Nc3 {[%emt 0:00:01]} g6 {[%emt 0:00:00]} 4. Bg5 {[%emt 0:00:02]} Bg7 {[%emt 0:00:01]} 5. e5 {[%emt 0:00:01]} Nfd7 {[%emt 0:00:01]} 6. exd6 {[%emt 0:00:01]} cxd6 {[%emt 0:00:00]} 7. Nf3 {[%emt 0:00:01]} Nb6 {[%emt 0:00:00]} 8. Qd2 {[%emt 0:00:00]} Nc6 {[%emt 0:00:01]} 9. Bh6 {[%emt 0:00:01]} Bxh6 {[%emt 0:00:01]} 10. Qxh6 {[%emt 0:00:01]} Bg4 {[%emt 0:00:01]} 11. O-O-O {[%emt 0:00:01]} Bxf3 {[%emt 0:00:01]} 12. gxf3 {[%emt 0:00:00]} Qd7 {[%emt 0:00:03]} 13. h4 {[%emt 0:00:01]} O-O-O {[%emt 0:00:01]} 14. h5 {[%emt 0:00:01]} Kb8 {[%emt 0:00:04]} 15. hxg6 {[%emt 0:00:02]} fxg6 {[%emt 0:00:01]} 16. Re1 {[%emt 0:00:02]} Nxd4 {[%emt 0:00:02]} 17. Rd1 {[%emt 0:00:02]} Nf5 {[%emt 0:00:01]} 18. Qf4 {[%emt 0:00:02]} Qc6 {[%emt 0:00:01]} 19. Qb4 {[%emt 0:00:01]} h5 {[%emt 0:00:02]} 20. Bb5 {[%emt 0:00:01]} Qc7 {[%emt 0:00:01]} 21. Qa5 {[%emt 0:00:02]} Rhf8 {[%emt 0:00:01]} 22. Rhe1 {[%emt 0:00:03]} e6 {[%emt 0:00:02]} 23. Rxe6 {[%emt 0:00:02]} Nh4 {[%emt 0:00:01]} 24. Bd3 {[%emt 0:00:02]} Nc8 {[%emt 0:00:03]} 25. Qa4 {[%emt 0:00:02]} Nxf3 {[%emt 0:00:01]} 26. Nb5 {[%emt 0:00:01]} Qc5 {[%emt 0:00:00]} 27. Re4 {[%emt 0:00:02]} a6 {[%emt 0:00:01]} 28. Nc3 {[%emt 0:00:02]} Qxf2 {[%emt 0:00:01]} 29. Rb4 {[%emt 0:00:01]} Ka8 {[%emt 0:00:05]} 30. Bxa6 {[%emt 0:00:02]} Na7 {[%emt 0:00:01]} 31. Bxb7+ {[%emt 0:00:01]} Kb8 {[%emt 0:00:00]} 32. Bxf3+ {[%emt 0:00:02]} Kc8 {[%emt 0:00:00]} 33. Qa6+ {[%emt 0:00:01]} Kd7 {[%emt 0:00:03]} 34. Rb7+ {[%emt 0:00:00]} Ke6 {[%emt 0:00:00]} 35. Qc4+ {[%emt 0:00:02]} Kf6 {[%emt 0:00:02]} 36. Qf4+ {[%emt 0:00:00]} Ke6 {[%emt 0:00:02]} 37. Bd5# {[%emt 0:00:00] (Lag: Av=0.68s, max=1.0s) (Lag: Av=0.68s, max=1.0s) (Lag: Av=0.68s, max=1.0s)} 1-0

[Event "Stay Safe Play From Home 383"]
[Site "Emanuel Lasker Arena"]
[Date "2020.08.14"]
[Round "3"]
[White "Hickey"]
[Black "NTBT_DHS"]
[Result "0-1"]
[WhiteElo "2119"]
[BlackElo "2544"]
[PlyCount "128"]
[EventDate "2020.08.14"]
[EventType "swiss (blitz)"]

1. Nf3 {[%emt 0:00:05]} g6 {[%emt 0:00:00]} 2. g3 {[%emt 0:00:00]} Bg7 {[%emt 0:00:00]} 3. Bg2 {[%emt 0:00:00]} d6 {[%emt 0:00:00]} 4. O-O {[%emt 0:00:00]} Nf6 {[%emt 0:00:00]} 5. d4 {[%emt 0:00:00]} O-O {[%emt 0:00:00]} 6. c4 {[%emt 0:00:00]} Nbd7 {[%emt 0:00:00]} 7. Nc3 {[%emt 0:00:00]} e5 {[%emt 0:00:00]} 8. Bg5 {[%emt 0:00:00]} h6 {[%emt 0:00:01]} 9. Bxf6 {[%emt 0:00:01]} Bxf6 {[%emt 0:00:00]} 10. dxe5 {[%emt 0:00:00]} Nxe5 {[%emt 0:00:01]} 11. Nxe5 {[%emt 0:00:02]} Bxe5 {[%emt 0:00:00]} 12. Qd2 {[%emt 0:00:00]} Bg7 {[%emt 0:00:01]} 13. Rac1 {[%emt 0:00:00]} a6 {[%emt 0:00:01]} 14. Rfd1 {[%emt 0:00:00]} Re8 {[%emt 0:00:01]} 15. b3 {[%emt 0:00:01]} Qe7 {[%emt 0:00:01]} 16. e3 {[%emt 0:00:02]} Rb8 {[%emt 0:00:03]} 17. h3 {[%emt 0:00:01]} Be6 {[%emt 0:00:01]} 18. Nd5 {[%emt 0:00:01]} Qd8 {[%emt 0:00:01]} 19. Nf4 {[%emt 0:00:01]} Bf5 {[%emt 0:00:01]} 20. g4 {[%emt 0:00:02]} Be4 {[%emt 0:00:00]} 21. Nd5 {[%emt 0:00:03]} Bxg2 {[%emt 0:00:01]} 22. Kxg2 {[%emt 0:00:00]} c6 {[%emt 0:00:03]} 23. Nf4 {[%emt 0:00:01]} Be5 {[%emt 0:00:01]} 24. Nd3 {[%emt 0:00:00]} Bf6 {[%emt 0:00:00]} 25. Nf4 {[%emt 0:00:00]} Be7 {[%emt 0:00:02]} 26. Qc2 {[%emt 0:00:01]} Kg7 {[%emt 0:00:05]} 27. Rd3 {[%emt 0:00:01]} Qa5 {[%emt 0:00:01]} 28. Rcd1 {[%emt 0:00:01]} Rbd8 {[%emt 0:00:05]} 29. Qc3+ {[%emt 0:00:00]} Qxc3 {[%emt 0:00:01]} 30. Rxc3 {[%emt 0:00:00]} Bg5 {[%emt 0:00:00]} 31. Ne2 {[%emt 0:00:02]} Bf6 {[%emt 0:00:01]} 32. Rcd3 {[%emt 0:00:01]} Be7 {[%emt 0:00:02]} 33. f4 {[%emt 0:00:02]} Rc8 {[%emt 0:00:01]} 34. Kf3 {[%emt 0:00:01]} Bf8 {[%emt 0:00:00]} 35. Ng3 {[%emt 0:00:01]} Rc7 {[%emt 0:00:00]} 36. e4 {[%emt 0:00:04]} b5 {[%emt 0:00:03]} 37. Rc1 {[%emt 0:00:03]} c5 {[%emt 0:00:02]} 38. h4 {[%emt 0:00:02]} bxc4 {[%emt 0:00:02]} 39. Rxc4 {[%emt 0:00:01]} Be7 {[%emt 0:00:00]} 40. Ra4 {[%emt 0:00:01]} Rc6 {[%emt 0:00:03]} 41. h5 {[%emt 0:00:02]} Rb8 {[%emt 0:00:01]} 42. hxg6 {[%emt 0:00:01]} fxg6 {[%emt 0:00:00]} 43. f5 {[%emt 0:00:03]} Bh4 {[%emt 0:00:01]} 44. e5 {[%emt 0:00:03]} Bxg3 {[%emt 0:00:01]} 45. Kxg3 {[%emt 0:00:00]} dxe5 {[%emt 0:00:00]} 46. Rd7+ {[%emt 0:00:00]} Kf6 {[%emt 0:00:00]} 47. fxg6 {[%emt 0:00:01]} Kxg6 {[%emt 0:00:00]} 48. Re4 {[%emt 0:00:01]} Re6 {[%emt 0:00:02]} 49. Rd5 {[%emt 0:00:01]} Rbe8 {[%emt 0:00:03]} 50. Rxc5 {[%emt 0:00:01]} Kf6 {[%emt 0:00:00]} 51. Rcc4 {[%emt 0:00:00]} Rd6 {[%emt 0:00:01]} 52. Ra4 {[%emt 0:00:00]} Rd3+ {[%emt 0:00:00]} 53. Kg2 {[%emt 0:00:00]} Re6 {[%emt 0:00:00]} 54. Re2 {[%emt 0:00:00]} Rc6 {[%emt 0:00:00]} 55. Rf2+ {[%emt 0:00:00]} Ke6 {[%emt 0:00:00]} 56. Re4 {[%emt 0:00:01]} Kd5 {[%emt 0:00:00]} 57. Rfe2 {[%emt 0:00:00]} Re6 {[%emt 0:00:00]} 58. R4e3 {[%emt 0:00:00]} Rd4 {[%emt 0:00:00]} 59. Rc3 {[%emt 0:00:01]} Rxg4+ {[%emt 0:00:01]} 60. Kf3 {[%emt 0:00:01]} Rd4 {[%emt 0:00:00]} 61. Ke3 {[%emt 0:00:00]} Rf6 {[%emt 0:00:00]} 62. Rf2 {[%emt 0:00:01]} Re4+ {[%emt 0:00:01]} 63. Kd2 {[%emt 0:00:00]} Rxf2+ {[%emt 0:00:00]} 64. Kc1 {[%emt 0:00:00]} Rd4 {[%emt 0:00:00] Time Time Time (Lag: Av=0.79s, max=1.3s) (Lag: Av=0.79s, max=1.3s) (Lag: Av=0.79s, max=1.3s)} 0-1

[Event "Stay Safe Play From Home 383"]
[Site "Emanuel Lasker Arena"]
[Date "2020.08.14"]
[Round "3"]
[White "Lazieri3"]
[Black "Klasman"]
[Result "1-0"]
[WhiteElo "2112"]
[BlackElo "1335"]
[PlyCount "51"]
[EventDate "2020.08.14"]
[EventType "swiss (blitz)"]

1. e4 {[%emt 0:00:01]} f5 {[%emt 0:00:02]} 2. Nc3 {[%emt 0:00:00]} fxe4 {[%emt 0:00:03]} 3. Nxe4 {[%emt 0:00:00]} Nf6 {[%emt 0:00:01]} 4. Nxf6+ {[%emt 0:00:01]} exf6 {[%emt 0:00:01]} 5. d4 {[%emt 0:00:01]} c5 {[%emt 0:00:02]} 6. Bd3 {[%emt 0:00:01]} cxd4 {[%emt 0:00:01]} 7. Qh5+ {[%emt 0:00:01]} g6 {[%emt 0:00:03]} 8. Bxg6+ {[%emt 0:00:01]} hxg6 {[%emt 0:00:01]} 9. Qxh8 {[%emt 0:00:01]} Kf7 {[%emt 0:00:02]} 10. Qh3 {[%emt 0:00:06]} d5 {[%emt 0:00:04]} 11. Qd3 {[%emt 0:00:04]} Nc6 {[%emt 0:00:02]} 12. Ne2 {[%emt 0:00:01]} Bf5 {[%emt 0:00:01]} 13. Qb3 {[%emt 0:00:01]} Na5 {[%emt 0:00:06]} 14. Qb5 {[%emt 0:00:03]} a6 {[%emt 0:00:02]} 15. Qa4 {[%emt 0:00:01]} b5 {[%emt 0:00:02]} 16. Qxd4 {[%emt 0:00:01]} Nc6 {[%emt 0:00:04]} 17. Qh4 {[%emt 0:00:06]} g5 {[%emt 0:00:02]} 18. Qh5+ {[%emt 0:00:02]} Bg6 {[%emt 0:00:02]} 19. Qf3 {[%emt 0:00:01]} Nd4 {[%emt 0:00:02]} 20. Nxd4 {[%emt 0:00:02]} Qb6 {[%emt 0:00:06]} 21. c3 {[%emt 0:00:01]} Re8+ {[%emt 0:00:01]} 22. Be3 {[%emt 0:00:01]} Bc5 {[%emt 0:00:01]} 23. O-O {[%emt 0:00:01]} Bd3 {[%emt 0:00:03]} 24. Rfe1 {[%emt 0:00:01]} Be4 {[%emt 0:00:01]} 25. Qh3 {[%emt 0:00:03]} Bd6 {[%emt 0:00:03]} 26. Qh5+ {[%emt 0:00:04] Time Time Time (Lag: Av=0.55s, max=0.9s) (Lag: Av=0.55s, max=0.9s) (Lag: Av=0.55s, max=0.9s)} 1-0

[Event "Stay Safe Play From Home 383"]
[Site "Emanuel Lasker Arena"]
[Date "2020.08.14"]
[Round "3"]
[White "TheCHESSHOUSE"]
[Black "Käptn"]
[Result "1-0"]
[WhiteElo "2020"]
[BlackElo "2007"]
[PlyCount "115"]
[EventDate "2020.08.14"]
[EventType "swiss (blitz)"]
[BlackTeam "SC Diogenes"]

{- Laqua, Christian (2108)} 1. d4 {[%emt 0:00:03]} c5 {[%emt 0:00:01]} 2. c4 {[%emt 0:00:00]} cxd4 {[%emt 0:00:01]} 3. Qxd4 {[%emt 0:00:00]} Nc6 {[%emt 0:00:00]} 4. Qd1 {[%emt 0:00:00]} g6 {[%emt 0:00:00]} 5. Nc3 {[%emt 0:00:00]} Bg7 {[%emt 0:00:00]} 6. Bd2 {[%emt 0:00:00]} d6 {[%emt 0:00:00]} 7. Nf3 {[%emt 0:00:01]} Bg4 {[%emt 0:00:01]} 8. e3 {[%emt 0:00:01]} e6 {[%emt 0:00:03]} 9. Be2 {[%emt 0:00:01]} Nge7 {[%emt 0:00:01]} 10. O-O {[%emt 0:00:01]} O-O {[%emt 0:00:00]} 11. h3 {[%emt 0:00:01]} Bxf3 {[%emt 0:00:02]} 12. Bxf3 {[%emt 0:00:00]} a6 {[%emt 0:00:01]} 13. Rc1 {[%emt 0:00:00]} Qc7 {[%emt 0:00:00]} 14. a3 {[%emt 0:00:00]} Rfd8 {[%emt 0:00:00]} 15. b4 {[%emt 0:00:00]} Ne5 {[%emt 0:00:01]} 16. Be2 {[%emt 0:00:02]} Nxc4 {[%emt 0:00:01]} 17. Bxc4 {[%emt 0:00:00]} Qxc4 {[%emt 0:00:01]} 18. Na4 {[%emt 0:00:02]} Qb5 {[%emt 0:00:02]} 19. Qb3 {[%emt 0:00:02]} Rac8 {[%emt 0:00:02]} 20. Nc3 {[%emt 0:00:01]} Qd7 {[%emt 0:00:02]} 21. a4 {[%emt 0:00:01]} d5 {[%emt 0:00:02]} 22. Ne2 {[%emt 0:00:01]} Rxc1 {[%emt 0:00:02]} 23. Rxc1 {[%emt 0:00:00]} Rc8 {[%emt 0:00:00]} 24. Rd1 {[%emt 0:00:01]} Qc7 {[%emt 0:00:02]} 25. Rc1 {[%emt 0:00:02]} Qd8 {[%emt 0:00:01]} 26. Rb1 {[%emt 0:00:01]} Qc7 {[%emt 0:00:01]} 27. Rc1 {[%emt 0:00:01]} Qb6 {[%emt 0:00:00]} 28. Rxc8+ {[%emt 0:00:02]} Nxc8 {[%emt 0:00:00]} 29. b5 {[%emt 0:00:00]} a5 {[%emt 0:00:01]} 30. Bc3 {[%emt 0:00:06]} Qd8 {[%emt 0:00:01]} 31. Bd2 {[%emt 0:00:02]} b6 {[%emt 0:00:01]} 32. Nd4 {[%emt 0:00:02]} Qc7 {[%emt 0:00:01]} 33. Nc6 {[%emt 0:00:01]} Nd6 {[%emt 0:00:02]} 34. Bc3 {[%emt 0:00:03]} Bxc3 {[%emt 0:00:03]} 35. Qxc3 {[%emt 0:00:00]} Ne4 {[%emt 0:00:00]} 36. Qd4 {[%emt 0:00:01]} Nc5 {[%emt 0:00:03]} 37. g3 {[%emt 0:00:01]} h5 {[%emt 0:00:02]} 38. h4 {[%emt 0:00:02]} Qd6 {[%emt 0:00:03]} 39. Qf6 {[%emt 0:00:01]} Qd7 {[%emt 0:00:02]} 40. Ne5 {[%emt 0:00:01]} Qc7 {[%emt 0:00:00]} 41. Nc6 {[%emt 0:00:06]} Nd7 {[%emt 0:00:03]} 42. Qe7 {[%emt 0:00:02]} Qb7 {[%emt 0:00:05]} 43. Nd8 {[%emt 0:00:01]} Nc5 {[%emt 0:00:01]} 44. Nxb7 {[%emt 0:00:01]} Nxb7 {[%emt 0:00:01]} 45. Qxb7 {[%emt 0:00:01]} d4 {[%emt 0:00:00]} 46. Qxb6 {[%emt 0:00:00]} d3 {[%emt 0:00:00]} 47. Qd8+ {[%emt 0:00:01]} Kg7 {[%emt 0:00:01]} 48. Qxd3 {[%emt 0:00:00]} e5 {[%emt 0:00:01]} 49. Qc3 {[%emt 0:00:00]} f6 {[%emt 0:00:00]} 50. Qxa5 {[%emt 0:00:00]} Kh6 {[%emt 0:00:00]} 51. Qa7 {[%emt 0:00:00]} g5 {[%emt 0:00:00]} 52. b6 {[%emt 0:00:00]} gxh4 {[%emt 0:00:00]} 53. b7 {[%emt 0:00:00]} Kg6 {[%emt 0:00:00]} 54. gxh4 {[%emt 0:00:01]} Kf5 {[%emt 0:00:00]} 55. b8=Q {[%emt 0:00:00]} Kg4 {[%emt 0:00:00]} 56. Qc8+ {[%emt 0:00:00]} Kxh4 {[%emt 0:00:01]} 57. Qg7 {[%emt 0:00:01]} f5 {[%emt 0:00:00]} 58. Qg3# {[%emt 0:00:00] (Lag: Av=0.66s, max=1.0s) (Lag: Av=0.66s, max=1.0s) (Lag: Av=0.66s, max=1.0s)} 1-0

[Event "Stay Safe Play From Home 383"]
[Site "Emanuel Lasker Arena"]
[Date "2020.08.14"]
[Round "3"]
[White "Tavares"]
[Black "Mepe_Nika"]
[Result "0-1"]
[WhiteElo "1718"]
[BlackElo "2301"]
[PlyCount "91"]
[EventDate "2020.08.14"]
[EventType "swiss (blitz)"]

1. e4 {[%emt 0:00:04]} c6 {[%emt 0:00:01]} 2. Nf3 {[%emt 0:00:01]} d5 {[%emt 0:00:00]} 3. d3 {[%emt 0:00:01]} dxe4 {[%emt 0:00:01]} 4. dxe4 {[%emt 0:00:00]} Qxd1+ {[%emt 0:00:00]} 5. Kxd1 {[%emt 0:00:00]} Bg4 {[%emt 0:00:00]} 6. Nbd2 {[%emt 0:00:02]} Nd7 {[%emt 0:00:01]} 7. c3 {[%emt 0:00:01]} O-O-O {[%emt 0:00:00]} 8. Kc2 {[%emt 0:00:00]} e5 {[%emt 0:00:02]} 9. Bc4 {[%emt 0:00:02]} f6 {[%emt 0:00:01]} 10. h3 {[%emt 0:00:02]} Bxf3 {[%emt 0:00:01]} 11. Nxf3 {[%emt 0:00:01]} Bc5 {[%emt 0:00:01]} 12. Be3 {[%emt 0:00:01]} Ne7 {[%emt 0:00:01]} 13. Rad1 {[%emt 0:00:02]} Bxe3 {[%emt 0:00:01]} 14. fxe3 {[%emt 0:00:00]} Nc5 {[%emt 0:00:00]} 15. Rxd8+ {[%emt 0:00:02]} Rxd8 {[%emt 0:00:01]} 16. Nd2 {[%emt 0:00:01]} b5 {[%emt 0:00:01]} 17. Bb3 {[%emt 0:00:02]} Kc7 {[%emt 0:00:01]} 18. c4 {[%emt 0:00:02]} a5 {[%emt 0:00:01]} 19. cxb5 {[%emt 0:00:01]} cxb5 {[%emt 0:00:01]} 20. a3 {[%emt 0:00:02]} Kb6 {[%emt 0:00:02]} 21. Ba2 {[%emt 0:00:01]} Nc6 {[%emt 0:00:01]} 22. Rd1 {[%emt 0:00:01]} Rd3 {[%emt 0:00:02]} 23. Nb3 {[%emt 0:00:02]} Rxe3 {[%emt 0:00:03]} 24. Nxc5 {[%emt 0:00:01]} Kxc5 {[%emt 0:00:00]} 25. Rd5+ {[%emt 0:00:00]} Kb6 {[%emt 0:00:00]} 26. Rd6 {[%emt 0:00:01]} Kc7 {[%emt 0:00:04]} 27. Re6 {[%emt 0:00:02]} Nd4+ {[%emt 0:00:01]} 28. Kd2 {[%emt 0:00:03]} Nxe6 {[%emt 0:00:01]} 29. Kxe3 {[%emt 0:00:01]} Nc5 {[%emt 0:00:00]} 30. Bd5 {[%emt 0:00:01]} Kd6 {[%emt 0:00:01]} 31. b4 {[%emt 0:00:01]} axb4 {[%emt 0:00:01]} 32. axb4 {[%emt 0:00:00]} Na6 {[%emt 0:00:00]} 33. g4 {[%emt 0:00:05]} Nxb4 {[%emt 0:00:01]} 34. Bb3 {[%emt 0:00:01]} Nc6 {[%emt 0:00:01]} 35. Kf3 {[%emt 0:00:00]} Nd4+ {[%emt 0:00:01]} 36. Kg3 {[%emt 0:00:02]} Nxb3 {[%emt 0:00:00]} 37. g5 {[%emt 0:00:01]} Nd2 {[%emt 0:00:01]} 38. Kg4 {[%emt 0:00:00]} Nxe4 {[%emt 0:00:01]} 39. gxf6 {[%emt 0:00:01]} Nxf6+ {[%emt 0:00:00]} 40. Kg5 {[%emt 0:00:01]} b4 {[%emt 0:00:00]} 41. h4 {[%emt 0:00:00]} b3 {[%emt 0:00:00]} 42. h5 {[%emt 0:00:00]} b2 {[%emt 0:00:01]} 43. h6 {[%emt 0:00:00]} gxh6+ {[%emt 0:00:01]} 44. Kxf6 {[%emt 0:00:01]} b1=Q {[%emt 0:00:01]} 45. Kg7 {[%emt 0:00:00]} Qg6+ {[%emt 0:00:01]} 46. Kf8 {[%emt 0:00:02] Tavares resigns Tavares resigns Tavares resigns (Lag: Av=0.43s, max=1.0s) (Lag: Av=0.43s, max=1.0s) (Lag: Av=0.43s, max=1.0s)} 0-1

[Event "Stay Safe Play From Home 383"]
[Site "Emanuel Lasker Arena"]
[Date "2020.08.14"]
[Round "4"]
[White "NTBT_DHS"]
[Black "MihailoVujic"]
[Result "1-0"]
[WhiteElo "2547"]
[BlackElo "2266"]
[PlyCount "59"]
[EventDate "2020.08.14"]
[EventType "swiss (blitz)"]

1. d4 {[%emt 0:00:02]} d5 {[%emt 0:00:01]} 2. c4 {[%emt 0:00:00]} e5 {[%emt 0:00:01]} 3. Nf3 {[%emt 0:00:00]} e4 {[%emt 0:00:01]} 4. Nfd2 {[%emt 0:00:00]} c6 {[%emt 0:00:02]} 5. e3 {[%emt 0:00:00]} Nf6 {[%emt 0:00:01]} 6. Nc3 {[%emt 0:00:00]} Bd6 {[%emt 0:00:01]} 7. Qb3 {[%emt 0:00:00]} O-O {[%emt 0:00:02]} 8. cxd5 {[%emt 0:00:00]} cxd5 {[%emt 0:00:01]} 9. Nxd5 {[%emt 0:00:00]} Nxd5 {[%emt 0:00:01]} 10. Qxd5 {[%emt 0:00:00]} Nc6 {[%emt 0:00:01]} 11. Qxe4 {[%emt 0:00:01]} Re8 {[%emt 0:00:01]} 12. Qd3 {[%emt 0:00:01]} Qf6 {[%emt 0:00:01]} 13. Be2 {[%emt 0:00:05]} Bf5 {[%emt 0:00:01]} 14. Qb3 {[%emt 0:00:03]} Nxd4 {[%emt 0:00:02]} 15. exd4 {[%emt 0:00:04]} Qxd4 {[%emt 0:00:00]} 16. Nf3 {[%emt 0:00:03]} Bb4+ {[%emt 0:00:03]} 17. Kf1 {[%emt 0:00:02]} Qe4 {[%emt 0:00:04]} 18. Be3 {[%emt 0:00:01]} Rad8 {[%emt 0:00:03]} 19. h3 {[%emt 0:00:01]} Bc5 {[%emt 0:00:01]} 20. Ng5 {[%emt 0:00:02]} Qe5 {[%emt 0:00:04]} 21. Nxf7 {[%emt 0:00:02]} Qe6 {[%emt 0:00:05]} 22. Nxd8 {[%emt 0:00:03]} Qxb3 {[%emt 0:00:02]} 23. axb3 {[%emt 0:00:00]} Bxe3 {[%emt 0:00:01]} 24. fxe3 {[%emt 0:00:03]} Rxd8 {[%emt 0:00:00]} 25. Rxa7 {[%emt 0:00:01]} Be4 {[%emt 0:00:01]} 26. Kf2 {[%emt 0:00:01]} Rf8+ {[%emt 0:00:00]} 27. Bf3 {[%emt 0:00:00]} Bxf3 {[%emt 0:00:01]} 28. gxf3 {[%emt 0:00:00]} Ra8 {[%emt 0:00:01]} 29. Rxa8+ {[%emt 0:00:01]} Kf7 {[%emt 0:00:01]} 30. Rc1 {[%emt 0:00:01] MihailoVujic resigns MihailoVujic resigns MihailoVujic resigns (Lag: Av=0.92s, max=2.0s) (Lag: Av=0.92s, max=2.0s) (Lag: Av=0.92s, max=2.0s)} 1-0

[Event "Stay Safe Play From Home 383"]
[Site "Emanuel Lasker Arena"]
[Date "2020.08.14"]
[Round "4"]
[White "IceQueen"]
[Black "TheCHESSHOUSE"]
[Result "1-0"]
[WhiteElo "2254"]
[BlackElo "2036"]
[PlyCount "77"]
[EventDate "2020.08.14"]
[EventType "swiss (blitz)"]

1. e4 {[%emt 0:00:01]} c5 {[%emt 0:00:02]} 2. Nc3 {[%emt 0:00:00]} d6 {[%emt 0:00:01]} 3. Nf3 {[%emt 0:00:00]} Nf6 {[%emt 0:00:01]} 4. Bc4 {[%emt 0:00:00]} e6 {[%emt 0:00:01]} 5. d3 {[%emt 0:00:00]} Be7 {[%emt 0:00:01]} 6. O-O {[%emt 0:00:01]} a6 {[%emt 0:00:00]} 7. a4 {[%emt 0:00:01]} O-O {[%emt 0:00:00]} 8. Re1 {[%emt 0:00:00]} Nc6 {[%emt 0:00:01]} 9. Bf4 {[%emt 0:00:00]} d5 {[%emt 0:00:01]} 10. Bb3 {[%emt 0:00:00]} d4 {[%emt 0:00:04]} 11. Ne2 {[%emt 0:00:01]} Nh5 {[%emt 0:00:00]} 12. Bg3 {[%emt 0:00:01]} Nxg3 {[%emt 0:00:01]} 13. Nxg3 {[%emt 0:00:00]} e5 {[%emt 0:00:01]} 14. Nf5 {[%emt 0:00:02]} Bf6 {[%emt 0:00:01]} 15. g3 {[%emt 0:00:02]} Qc7 {[%emt 0:00:04]} 16. Qd2 {[%emt 0:00:01]} Rb8 {[%emt 0:00:01]} 17. Kg2 {[%emt 0:00:01]} b5 {[%emt 0:00:01]} 18. axb5 {[%emt 0:00:00]} axb5 {[%emt 0:00:00]} 19. h4 {[%emt 0:00:01]} Ne7 {[%emt 0:00:01]} 20. Nh6+ {[%emt 0:00:04]} gxh6 {[%emt 0:00:02]} 21. Qxh6 {[%emt 0:00:00]} Bg7 {[%emt 0:00:01]} 22. Qh5 {[%emt 0:00:02]} Ng6 {[%emt 0:00:03]} 23. Ng5 {[%emt 0:00:01]} h6 {[%emt 0:00:05]} 24. Nxf7 {[%emt 0:00:01]} Rxf7 {[%emt 0:00:02]} 25. Qxg6 {[%emt 0:00:01]} Kh8 {[%emt 0:00:00]} 26. Bxf7 {[%emt 0:00:01]} Rb6 {[%emt 0:00:01]} 27. Qh5 {[%emt 0:00:03]} Qd7 {[%emt 0:00:00]} 28. Rh1 {[%emt 0:00:06]} Rf6 {[%emt 0:00:01]} 29. Bd5 {[%emt 0:00:02]} c4 {[%emt 0:00:03]} 30. Ra8 {[%emt 0:00:01]} Kh7 {[%emt 0:00:01]} 31. f3 {[%emt 0:00:04]} cxd3 {[%emt 0:00:01]} 32. cxd3 {[%emt 0:00:00]} Qc7 {[%emt 0:00:00]} 33. Rf1 {[%emt 0:00:01]} Bd7 {[%emt 0:00:02]} 34. Bg8+ {[%emt 0:00:03]} Kh8 {[%emt 0:00:02]} 35. Be6+ {[%emt 0:00:00]} Rf8 {[%emt 0:00:01]} 36. Rxf8+ {[%emt 0:00:02]} Bxf8 {[%emt 0:00:01]} 37. Qf7 {[%emt 0:00:01]} Qc2+ {[%emt 0:00:02]} 38. Rf2 {[%emt 0:00:00]} Qxd3 {[%emt 0:00:01]} 39. Qg8# {[%emt 0:00:01] (Lag: Av=0.74s, max=1.1s) (Lag: Av=0.74s, max=1.1s) (Lag: Av=0.74s, max=1.1s)} 1-0

[Event "Stay Safe Play From Home 383"]
[Site "Emanuel Lasker Arena"]
[Date "2020.08.14"]
[Round "4"]
[White "Käptn"]
[Black "Lazieri3"]
[Result "0-1"]
[WhiteElo "1991"]
[BlackElo "2112"]
[PlyCount "80"]
[EventDate "2020.08.14"]
[EventType "swiss (blitz)"]
[WhiteTeam "SC Diogenes"]

{Laqua, Christian (2108)} 1. c4 {[%emt 0:00:01]} c6 {[%emt 0:00:01]} 2. g3 {[%emt 0:00:00]} d5 {[%emt 0:00:00]} 3. Nf3 {[%emt 0:00:00]} Nf6 {[%emt 0:00:01]} 4. b3 {[%emt 0:00:00]} Bf5 {[%emt 0:00:01]} 5. Bb2 {[%emt 0:00:00]} Qc8 {[%emt 0:00:01]} 6. Bg2 {[%emt 0:00:00]} Bh3 {[%emt 0:00:01]} 7. O-O {[%emt 0:00:01]} h5 {[%emt 0:00:01]} 8. cxd5 {[%emt 0:00:03]} cxd5 {[%emt 0:00:02]} 9. Bxf6 {[%emt 0:00:04]} exf6 {[%emt 0:00:01]} 10. Qc1 {[%emt 0:00:01]} Nc6 {[%emt 0:00:02]} 11. Nd4 {[%emt 0:00:03]} h4 {[%emt 0:00:02]} 12. Nxc6 {[%emt 0:00:01]} Bxg2 {[%emt 0:00:03]} 13. Kxg2 {[%emt 0:00:02]} hxg3 {[%emt 0:00:02]} 14. fxg3 {[%emt 0:00:15]} Qh3+ {[%emt 0:00:04]} 15. Kf2 {[%emt 0:00:00]} Qxh2+ {[%emt 0:00:02]} 16. Ke1 {[%emt 0:00:00]} Qxg3+ {[%emt 0:00:01]} 17. Kd1 {[%emt 0:00:01]} Qg2 {[%emt 0:00:06]} 18. Re1 {[%emt 0:00:02]} Rh1 {[%emt 0:00:02]} 19. Nd4 {[%emt 0:00:02]} Rxe1+ {[%emt 0:00:02]} 20. Kc2 {[%emt 0:00:01]} Rxc1+ {[%emt 0:00:01]} 21. Kxc1 {[%emt 0:00:00]} Qg1+ {[%emt 0:00:01]} 22. Kc2 {[%emt 0:00:01]} Qxd4 {[%emt 0:00:00]} 23. Nc3 {[%emt 0:00:00]} Bb4 {[%emt 0:00:01]} 24. e3 {[%emt 0:00:01]} Bxc3 {[%emt 0:00:01]} 25. exd4 {[%emt 0:00:00]} Bxa1 {[%emt 0:00:01]} 26. Kb1 {[%emt 0:00:01]} Bxd4 {[%emt 0:00:01]} 27. Kc2 {[%emt 0:00:00]} Rc8+ {[%emt 0:00:01]} 28. Kd3 {[%emt 0:00:00]} Bc5 {[%emt 0:00:01]} 29. b4 {[%emt 0:00:00]} Bxb4 {[%emt 0:00:01]} 30. a4 {[%emt 0:00:01]} Bxd2 {[%emt 0:00:01]} 31. Kd4 {[%emt 0:00:00]} Rc4+ {[%emt 0:00:01]} 32. Kxd5 {[%emt 0:00:00]} Rxa4 {[%emt 0:00:01]} 33. Kc5 {[%emt 0:00:00]} Rb4 {[%emt 0:00:02]} 34. Kd6 {[%emt 0:00:00]} Kd8 {[%emt 0:00:01]} 35. Kc5 {[%emt 0:00:01]} a5 {[%emt 0:00:01]} 36. Kd5 {[%emt 0:00:00]} a4 {[%emt 0:00:01]} 37. Kc5 {[%emt 0:00:00]} a3 {[%emt 0:00:01]} 38. Kd6 {[%emt 0:00:00]} a2 {[%emt 0:00:00]} 39. Kc5 {[%emt 0:00:00]} a1=Q {[%emt 0:00:01]} 40. Kd6 {[%emt 0:00:00]} Qd4# {[%emt 0:00:01] (Lag: Av=0.46s, max=1.0s) (Lag: Av=0.46s, max=1.0s) (Lag: Av=0.46s, max=1.0s)} 0-1